000 00934 a2200229 4500
003 Nust
005 20230908083939.0
010 _a 99010490
020 _c0849320690 (acid-free paper)
040 _cNust
082 0 0 _a629.836,KAR
100 1 _aKarr, C. L.
_999484
245 1 0 _aPractical applications of computational intelligence for adaptive control /
_cCharles L. Karr.
260 _aBoca Raton [Fla.] :
_bCRC Press,
_cc1999.
300 _a[xv], 254 p. :
_bill. ;
_c25 cm.
440 4 _aThe CRC Press international series on computational intelligence
_998020
505 _aPart 1: Fuzzy Systems (Page-1), Part 2: Genetic Algorithms (Page-53), Part 3: Computer Modeling (Page-121), Part 4: Applications (Page-165).
650 0 _aComputational intelligence.
650 0 _aTelecommunication engineering
856 4 2 _3Publisher description
_uhttp://www.loc.gov/catdir/enhancements/fy0646/99010490-d.html
942 _cREF
_2ddc
999 _c175942
_d175942